Sports Quiz

Random Sports or WWE Quiz

WWE Smackdown Main Events 2017 Quiz Stats

 Plays Quiz not verified by Sporcle

Support Sporcle.
Go Orange.
Score 0/166 Timer 10:00
0 Plays Today
Hint Answer % Correct
1/31/2017AJ Styles
99.4%
2/14/2017 (Triple Threat Match for the WWE Championship)AJ Styles
99.4%
2/21/2017 (10 Man Battle Royal to Become #1 Contender for the WWE Championship)AJ Styles
99.4%
3/7/2017 (Match to be #1 Contender for the WWE Championship)AJ Styles
99.4%
4/11/2017 (Triple Threat Match to be #1 Contender for the United States Championship)AJ Styles
99.4%
4/18/2017AJ Styles
99.4%
5/9/2017 (Six Man Tag)AJ Styles
99.4%
5/23/2017 (Tag)AJ Styles
99.4%
5/30/2017AJ Styles
99.4%
6/13/2017 (Six Man Tag)AJ Styles
99.4%
7/4/2017 (15 Man Battle Royal to be #1 Contender for the Untied States Championship)AJ Styles
99.4%
7/11/2017 (Tag)AJ Styles
99.4%
7/18/2017 (Tag)AJ Styles
99.4%
7/25/2017 (Triple Threat Match for the United States Championship)AJ Styles
99.4%
8/22/2017 (United States Championship Match, Special Guest Referees Shane McMahon and Baron Corbin)AJ Styles
99.4%
10/10/2017 (United States Championship Match)AJ Styles
99.4%
11/7/2017 (WWE Championship Match)AJ Styles
99.4%
12/19/2017 (Six Man Tag)AJ Styles
99.4%
12/26/2017AJ Styles
99.4%
2/14/2017 (Triple Threat Match for the WWE Championship)Bray Wyatt
98.1%
3/28/2017Bray Wyatt
98.1%
4/4/2017 (Tag)Bray Wyatt
98.1%
1/3/2017 (Intercontinental Championship Match)Dean Ambrose
97.5%
1/3/2017 (Intercontinental Championship Match)The Miz
97.5%
1/10/2017Baron Corbin
97.5%
1/24/2017 (Lumberjack Match for the Intercontinental Championship)Dean Ambrose
97.5%
1/24/2017 (Lumberjack Match for the Intercontinental Championship)The Miz
97.5%
1/31/2017Dean Ambrose
97.5%
2/7/2017Randy Orton
97.5%
2/21/2017 (10 Man Battle Royal to Become #1 Contender for the WWE Championship)Baron Corbin
97.5%
2/21/2017 (10 Man Battle Royal to Become #1 Contender for the WWE Championship)Dean Ambrose
97.5%
2/21/2017 (10 Man Battle Royal to Become #1 Contender for the WWE Championship)The Miz
97.5%
3/7/2017 (Match to be #1 Contender for the WWE Championship)Randy Orton
97.5%
4/4/2017 (Tag)Randy Orton
97.5%
4/11/2017 (Triple Threat Match to be #1 Contender for the United States Championship)Baron Corbin
97.5%
4/18/2017Baron Corbin
97.5%
5/2/2017 (United States Championship Match)Kevin Owens
97.5%
5/9/2017 (Six Man Tag)Baron Corbin
97.5%
5/9/2017 (Six Man Tag)Kevin Owens
97.5%
5/9/2017 (Six Man Tag)Jinder Mahal
97.5%
5/9/2017 (Six Man Tag)Randy Orton
97.5%
5/16/2017Randy Orton
97.5%
5/16/2017Baron Corbin
97.5%
5/23/2017 (Tag)Kevin Owens
97.5%
6/6/2017Kevin Owens
97.5%
6/13/2017 (Six Man Tag)Baron Corbin
97.5%
6/13/2017 (Six Man Tag)Kevin Owens
97.5%
6/20/2017Jinder Mahal
97.5%
7/11/2017 (Tag)Kevin Owens
97.5%
7/18/2017 (Tag)Baron Corbin
97.5%
7/18/2017 (Tag)Kevin Owens
97.5%
7/25/2017 (Triple Threat Match for the United States Championship)Kevin Owens
97.5%
8/8/2017Randy Orton
97.5%
8/8/2017Jinder Mahal
97.5%
8/15/2017 (WWE Championship Match)Jinder Mahal
97.5%
8/15/2017 (WWE Championship Match)Baron Corbin
97.5%
Hint Answer % Correct
8/22/2017 (United States Championship Match, Special Guest Referees Shane McMahon and Baron Corbin)Kevin Owens
97.5%
8/29/2017 (Tag)Randy Orton
97.5%
8/29/2017 (Tag)Jinder Mahal
97.5%
9/5/2017 (Match to be #1 Contender for the WWE Championship)Randy Orton
97.5%
9/26/2017Kevin Owens
97.5%
10/3/2017Randy Orton
97.5%
10/10/2017 (United States Championship Match)Baron Corbin
97.5%
10/17/2017 (Tag)Kevin Owens
97.5%
10/17/2017 (Tag)Randy Orton
97.5%
10/24/2017Randy Orton
97.5%
10/31/2017 (Match to Qualify for the Smackdown Survivor Series Team)Kevin Owens
97.5%
11/7/2017 (WWE Championship Match)Jinder Mahal
97.5%
11/14/2017 (Tag)Kevin Owens
97.5%
11/21/2017 (Three-on-Two Handicap Lumberjack Match)Kevin Owens
97.5%
11/28/2017 (No DQ Match)Kevin Owens
97.5%
11/28/2017 (No DQ Match)Randy Orton
97.5%
12/5/2017Randy Orton
97.5%
12/12/2017Kevin Owens
97.5%
12/19/2017 (Six Man Tag)Randy Orton
97.5%
12/19/2017 (Six Man Tag)Jinder Mahal
97.5%
12/19/2017 (Six Man Tag)Kevin Owens
97.5%
12/26/2017Kevin Owens
97.5%
2/21/2017 (10 Man Battle Royal to Become #1 Contender for the WWE Championship)Luke Harper
96.9%
3/28/2017Luke Harper
96.9%
4/4/2017 (Tag)Luke Harper
96.9%
4/11/2017 (Triple Threat Match to be #1 Contender for the United States Championship)Sami Zayn
96.9%
5/9/2017 (Six Man Tag)Sami Zayn
96.9%
6/13/2017 (Six Man Tag)Sami Zayn
96.9%
6/20/2017Luke Harper
96.9%
7/4/2017 (15 Man Battle Royal to be #1 Contender for the Untied States Championship)Sami Zayn
96.9%
7/4/2017 (15 Man Battle Royal to be #1 Contender for the Untied States Championship)Luke Harper
96.9%
9/26/2017Sami Zayn
96.9%
10/17/2017 (Tag)Sami Zayn
96.9%
10/24/2017Sami Zayn
96.9%
11/14/2017 (Tag)Sami Zayn
96.9%
11/21/2017 (Three-on-Two Handicap Lumberjack Match)Sami Zayn
96.9%
12/5/2017Sami Zayn
96.9%
12/19/2017 (Six Man Tag)Sami Zayn
96.9%
2/21/2017 (10 Man Battle Royal to Become #1 Contender for the WWE Championship)Dolph Ziggler
96.3%
2/28/2017 (Chairs Match)Dolph Ziggler
96.3%
5/23/2017 (Tag)Dolph Ziggler
96.3%
5/30/2017Dolph Ziggler
96.3%
6/13/2017 (Six Man Tag)Dolph Ziggler
96.3%
7/4/2017 (15 Man Battle Royal to be #1 Contender for the Untied States Championship)Dolph Ziggler
96.3%
1/10/2017John Cena
95.7%
1/17/2017 (Steel Cage Match for the Smackdown Women's Championship)Becky Lynch
95.7%
2/7/2017John Cena
95.7%
2/14/2017 (Triple Threat Match for the WWE Championship)John Cena
95.7%
2/21/2017 (10 Man Battle Royal to Become #1 Contender for the WWE Championship)John Cena
95.7%
3/21/2017Becky Lynch
95.7%
6/27/2017 (Money in the Bank Ladder Match)Becky Lynch
95.7%
7/11/2017 (Tag)John Cena
95.7%
8/1/2017 (Match to be #1 Contender for the WWE Championship)John Cena
95.7%
9/19/2017 (Fatal Four Way to be #1 Contender for the Smackdown Women's Championship)Becky Lynch
95.7%
4/25/2017 (Smackdown Women's Championship Match)Charlotte Flair
94.4%
6/27/2017 (Money in the Bank Ladder Match)Charlotte Flair
94.4%
Hint Answer % Correct
9/19/2017 (Fatal Four Way to be #1 Contender for the Smackdown Women's Championship)Charlotte Flair
94.4%
5/23/2017 (Tag)Shinsuke Nakamura
93.8%
6/6/2017Shinsuke Nakamura
93.8%
6/13/2017 (Six Man Tag)Shinsuke Nakamura
93.8%
7/18/2017 (Tag)Shinsuke Nakamura
93.8%
8/1/2017 (Match to be #1 Contender for the WWE Championship)Shinsuke Nakamura
93.8%
8/29/2017 (Tag)Shinsuke Nakamura
93.8%
9/5/2017 (Match to be #1 Contender for the WWE Championship)Shinsuke Nakamura
93.8%
10/17/2017 (Tag)Shinsuke Nakamura
93.8%
10/31/2017 (Match to Qualify for the Smackdown Survivor Series Team)Shinsuke Nakamura
93.8%
11/21/2017 (Three-on-Two Handicap Lumberjack Match)Kofi Kingston
93.8%
12/12/2017Shinsuke Nakamura
93.8%
12/19/2017 (Six Man Tag)Shinsuke Nakamura
93.8%
3/14/2017 (Tag)Jey Uso
93.2%
3/14/2017 (Tag)Jimmy Uso
93.2%
3/21/2017Carmella
93.2%
6/27/2017 (Money in the Bank Ladder Match)Carmella
93.2%
4/4/2017 (Tag)Erick Rowan
92.6%
7/4/2017 (15 Man Battle Royal to be #1 Contender for the Untied States Championship)Erick Rowan
92.6%
11/14/2017 (Tag)Big E
92.6%
11/21/2017 (Three-on-Two Handicap Lumberjack Match)Big E
92.6%
11/14/2017 (Tag)Xavier Woods
92%
11/21/2017 (Three-on-Two Handicap Lumberjack Match)Xavier Woods
92%
1/17/2017 (Steel Cage Match for the Smackdown Women's Championship)Alexa Bliss
91.4%
4/25/2017 (Smackdown Women's Championship Match)Naomi
90.1%
9/19/2017 (Fatal Four Way to be #1 Contender for the Smackdown Women's Championship)Naomi
90.1%
6/27/2017 (Money in the Bank Ladder Match)Natalya
88.9%
7/11/2017 (Tag)Rusev
87%
8/29/2017 (Tag)Rusev
87%
3/14/2017 (Tag)Chad Gable
86.4%
9/12/2017 (Tag)Chad Gable
86.4%
5/2/2017 (United States Championship Match)Chris Jericho
85.8%
7/25/2017 (Triple Threat Match for the United States Championship)Chris Jericho
85.8%
6/27/2017 (Money in the Bank Ladder Match)Tamina
82.7%
9/19/2017 (Fatal Four Way to be #1 Contender for the Smackdown Women's Championship)Tamina
82.7%
3/14/2017 (Tag)Jason Jordan
82.1%
7/4/2017 (15 Man Battle Royal to be #1 Contender for the Untied States Championship)Jason Jordan
82.1%
2/21/2017 (10 Man Battle Royal to Become #1 Contender for the WWE Championship)Kalisto
80.9%
2/21/2017 (10 Man Battle Royal to Become #1 Contender for the WWE Championship)Apollo Crews
79%
2/28/2017 (Chairs Match)Apollo Crews
79%
7/4/2017 (15 Man Battle Royal to be #1 Contender for the Untied States Championship)Zack Ryder
79%
9/12/2017 (Tag)Zack Ryder
79%
9/12/2017 (Tag)Shelton Benjamin
77.8%
2/21/2017 (10 Man Battle Royal to Become #1 Contender for the WWE Championship)Mojo Rawley
75.9%
7/4/2017 (15 Man Battle Royal to be #1 Contender for the Untied States Championship)Mojo Rawley
75.9%
9/12/2017 (Tag)Mojo Rawley
75.9%
7/4/2017 (15 Man Battle Royal to be #1 Contender for the Untied States Championship)Fandango
74.1%
7/4/2017 (15 Man Battle Royal to be #1 Contender for the Untied States Championship)Konnor
71.6%
7/4/2017 (15 Man Battle Royal to be #1 Contender for the Untied States Championship)Viktor
71.6%
7/4/2017 (15 Man Battle Royal to be #1 Contender for the Untied States Championship)Tyler Breeze
70.4%
10/3/2017Aiden English
69.8%
7/4/2017 (15 Man Battle Royal to be #1 Contender for the Untied States Championship)Tye Dillinger
65.4%
7/4/2017 (15 Man Battle Royal to be #1 Contender for the Untied States Championship)Primo Colon
57.4%
7/4/2017 (15 Man Battle Royal to be #1 Contender for the Untied States Championship)Epico Colon
56.8%

You're not logged in!

Compare scores with friends on all Sporcle quizzes.
OR
Log In

From the Vault

Candle in the Wind Clicky-oke

by manonthemoon

'If you write great songs with meaning and emotion, they will last forever because songs are the key to everything.' - Sir Elton John
Remove Ads.
Support Sporcle.
Get the best of Sporcle when you Go Orange. This ad-free experience offers more features, more stats, and more fun while also helping to support Sporcle. Thank you for becoming a member.

Show Comments

Extras

Created Feb 19, 2020ReportNominate
Tags:WWE Quiz, 2017, Event, Smackdown

Top Quizzes Today


Score Distribution

Your Account Isn't Verified!

In order to create a playlist on Sporcle, you need to verify the email address you used during registration. Go to your Sporcle Settings to finish the process.

Report this User

Report this user for behavior that violates our Community Guidelines.

Details: